000 00735nam a2200229Ia 4500
003 GCL
008 140319s9999 xx 000 0 ara d
040 _aGCL /
_cGCL
082 0 4 _a347.04
_bم م
100 1 _aمصطفى مجدى هرجة
245 1 0 _aالمشكلات العملية فى الحبس الاحتياطى والافراج /
_cمصطفى مجدى هرجة
260 _a[S.N] :
_bدار ربيع القانونية ،
_c1994
300 _a147 ص
490 _a
650 0 4 _aالقانون الجنائى
650 0 4 _aالقانون
650 0 4 _aقانون الاجراءات الجنائية
650 0 4 _aالحبس
650 0 4 _aالاعتقال
650 0 4 _aالحبس المؤقت
942 _2ddc
_cBK
999 _c27699
_d27699